000 00550nam a2200217Ia 4500
003 OSt
005 20250726152535.0
008 210423s1994 xx 000 0 und d
040 _cAL
041 _aEnglish
082 _a307.762
_bSHAP
100 _aSharma S R
_9110269
245 _aPanchayati raj and education
260 _aNew Delhi
_bMittal Publications
_c1994
365 _b325
_cINR
440 _v1
650 _aSociology
_9110270
650 _aUrban Communities
_9110271
906 _aeducation ; Panchayati ; raj
942 _2ddc
_cBK
999 _c172653
_d172653